000 00634nam a2200193Ia 4500
008 090123s9999 xx 000 0 und d
082 _b36134
_a891.463/जीजस
100 _aकॅथरिन दि.जिजस
245 _aकाळोखाची लेक
250 _a2
260 _bमेहता प्रकाशन
_c2003
300 _a185
600 _aकॅथरिन दि.जिजस
630 _aकाळोखाची लेक
700 _aकॅथरिन दि.जिजस
700 _aपदकी सरिता
730 _aकाळोखाची लेक
942 _cBOOK
999 _c74202
_d74202